| 000 | 00616nam a2200181 a 4500 | ||
|---|---|---|---|
| 001 | 000048808 | ||
| 005 | 20240305122427.0 | ||
| 008 | 190411s2016 dr a 000 j spa d | ||
| 020 | _a9789945600599 | ||
| 040 |
_aDO-SdBNP _bspa _cBNPHU |
||
| 082 |
_axxxx _bL864c |
||
| 100 | 1 |
_aLópez Azuán, Virgilio, _d1959- _964493 |
|
| 245 | 1 | 0 |
_aCuando la mar bota peces : _b(cuentos para escolares) / _cVirgilio López Azuán. |
| 260 |
_aSanto Domingo, : _bSantuario, _c2016. |
||
| 300 |
_a52 p. : _bil. ; _c23 cm. |
||
| 500 | _aIncluye datos biografícos del autor en la solapa de la portada. | ||
| 590 | _aInventariado, 2019/ YL | ||
| 999 |
_c48296 _d48296 |
||